00000000nam##2200000za#4500
0019.687140
003CaOODSP
00520210624230837
007cr |||||||||||
008150407|2004||||xxc|||||o    f|0| 0 eng|d
040 |aCaOODSP|beng
043 |an-cn---
0861 |aRC31-23/2004E-PDF
1101 |aCanada.|bIndian Claims Commission.
24510|aReport on the mediation of the Thunderchild First Nation 1908 surrender claim |h[electronic resource]
260 |aOttawa - Ontario : |bIndian Claims Commission |c2004.
300 |a[16]p.|bmaps, references
5203 |aThis report contains a brief summary of the history of the Thunderchild First Nation 1908 surrender claim and a review of the negotiations that led to a final agreement in September 2003. The claim, which was formally submitted in February 1986, asserted that the Thunderchild surrender of reserve land in 1908 was, among other things, null and void.
590 |a04-38|b2004-09-17
69007|aIndigenous peoples|2gcpds
69007|aLand claims|2gcpds
77508|tRapport de médiation sur la revendication de la Première Nation de Thunderchild relative à la cession de 1908 |w(CaOODSP)9.631601
7760#|tReport on the mediation of the Thunderchild First Nation 1908 surrender claim |w(CaOODSP)9.649436
85640|ahttp://publications.gc.ca|qPDF|s325 KB|uhttps://publications.gc.ca/collections/Collection/RC31-23-2004E.pdf